000 01159cam a22003497a 4500
003 CHAP
005 20220329141234.0
008 971010s1982 r 00010 d
010 _a64941
011 _a65913
035 _a73471
040 _cCHAP
082 _a333.0972
_bL67
100 0 0 _aLópez de Lara, Laura.
_967816
245 1 3 _aEl agrarismo en Villa
260 _aMéxico, D.F. :
_bCentro de Estudios Históricos del Agrarismo en México,
_c1982
300 _a185 p.
490 0 _aColección conmemorativa
_v; 7
590 _aBATCH-UPD
_b10
_c20130110
_lUCH01
_h0555
590 _aBATCH-UPD
_b10
_c20130110
_lUCH01
_h2343
590 _aBATCH-UPD
_b10
_c20130410
_lUCH01
_h0236
590 _aBATCH-UPD
_b10
_c20130410
_lUCH01
_h1631
590 _aBATCH-UPD
_b10
_c20130914
_lUCH01
_h1003
590 _aCONVERSION
_b10
_c20130109
_lUCH01
_h1335
650 1 4 _aMéxico
_xHistoria
_xRevolución.
_976768
650 1 4 _aReforma agraria
_zMéxico.
_995596
700 0 _aVilla, Francisco.
_9119380
830 0 _aColección conmemorativa
_v; 7
_924761
901 _aBK
942 _cLIBRO
949 _a333.0972 L67
_bBC
_cLIBRO
_d33724000324190
_eLIBRO
_h87605
_i73471
_si
999 _c64941
_d64941